00936nam a2200241 a 450000100100000000500170001000800410002702000150006804000250008304100130010808200130012110000250013424000610015924501260022026000400034630000180038649000230040450000730042750400340050083000320053495201110056699900170067700004340220201002040901.0140314s1993 sp a 001 0 spa d a8420671231 aDO-SdBNPbspacBNPHU17aspaheng axxxbxxx1 aGolding, John97106210aCubism. a history and an analysis, 1907-1914.lEspañol13aEl Cubismo :buna historia y un análisis, 1907-1914 /cJohn Golding ; versión española de Adolfo Góméz Cedillo. aMadrid :bAlianza Editorial,c1993. a199 p. :bil.1 aAlianza formav123 aIncluye referencias bibliográficas y notas al pie de las páginas aBibliografía : p. [177]-186 0aAlianza forma ;n123971063 001050718MOaGRbGRcCTd2014-03-14iLF1l0oxxx xxxp43402-10r2020-06-25w2020-06-25y1ZNo se presta c42891d42891